| 000 | 01354namaa2200325 i 4500 | ||
|---|---|---|---|
| 003 | EG-GICUC | ||
| 005 | 20260614112824.0 | ||
| 008 | 260614s1988 ua ||||jr|||| 001 0 ara d | ||
| 017 |
_a88 / 2500 _bدار الكتب والوثائق القومية (مصر) |
||
| 020 | _a977110375x | ||
| 040 |
_aEG-GiCUC _bara _cEG-GiCUC _dEG-GiCUC _erda |
||
| 082 | 0 | 4 |
_221 _a413.028 _bN265m 1988 |
| 092 | 0 | 4 |
_221 _a413.028 _bN265m 1988 |
| 099 | _a413.028 N265m 1988 | ||
| 100 | 1 |
_aحسين، نصار، _eمؤلف. |
|
| 245 | 1 | 2 |
_aالمعجم العربى : _bنشأته وتطوره / _cتأليف دكتور حسين نصار |
| 250 | _aالطبعة الرابعة، نسخة منقحة ومزيدة | ||
| 264 |
_aالقاهرة (مصر) : _bدار مصر للطباعة، _c1988 |
||
| 300 |
_a2 جزء فى 1 ؛ _c24 سم _bإيضاحيات، صور، مثيليات ؛ Illustrations |
||
| 336 |
_2rdacontent _atext |
||
| 337 |
_2rdamedia _aUnmediated |
||
| 338 |
_2rdacarrier _avolume |
||
| 504 | _aيشتمل على ارجاعات ببليوجرافية وكشاف. | ||
| 541 |
_aد. / جابر عصفور ؛ _bالقاهرة ؛ _cإهداء ؛ _d2024. |
||
| 650 | 1 | 7 |
_aاللغة العربية _vمعاجم _xتاريخ _2qrmak |
| 650 | 1 | 7 |
_aاللغة العربية _xتاريخ _2qrmak |
| 651 | 1 | _2qrmak | |
| 905 | _aAmira | ||
| 942 |
_2ddc _cBK _e21 _n0 |
||
| 999 |
_c180529 _d180529 |
||